000
00324nam a2200133Ia 4500
100
_a
Banga/ T.R./ Sharma/S.C
942
_c
BK
654
_a
Organisation & Engg. Economics
245
_a
Industrial Organisation & Engg.Economics
260
_b
Khanna pub.
_a
Delhi
_c
1985
082
_a
658
300
_a
920
546
_a
ENGLISH
999
_c
23917
_d
23917